El pensamiento conservador y derechista en América Latina, España y Portugal, Siglos XIX y XX.

Shranjeno v:
Bibliografske podrobnosti
Drugi avtorji: Kolar, Fabio (Editor), Mücke, Ulrich (Editor)
Format: Neznan
Izdano: Madrid, España: Iberoamericana, 2019.
Serija:Bibliotheca Ibero-Americana ;
Teme:
Oznake: Označite
Brez oznak, prvi označite!

MARC

LEADER 00000 a2200000 4500
003 CL-VaPUC
005 20250313085539.0
008 250113t2019 ||||| |||| 00| 0 eng d
999 |c 446186  |d 446184 
020 |a 9788491920298 
040 |c Pontificia Universidad Católica de Valparaíso 
082 7 |a 320.52 KOL 2019  |2 22 
100 |a Kolar, Fabio  |9 894635  |e editor 
245 1 4 |a El pensamiento conservador y derechista en América Latina, España y Portugal, Siglos XIX y XX. 
260 |a Madrid, España:  |b Iberoamericana,  |c 2019.  
300 |a 362 páginas.  
490 |a Bibliotheca Ibero-Americana ;  |n 173. 
583 |k GC  |c 20250113 
650 |a Conservatismo   |z América Latina   |9 895313 
650 |a Conservatismo  |z España  |9 895314 
650 |a Conservatismo  |z Portugal   |9 895315 
650 |a Derecho (Ciencia política)  |9 895316 
700 |a Mücke, Ulrich   |e editor  |9 895317 
942 |2 ddc  |c BK 
952 |0 0  |1 0  |2 ddc  |4 0  |6 320_520000000000000_KOL_2019  |7 0  |8 A  |9 599197  |a BIBHIS  |b BIBHIS  |d 2025-01-13  |e 13  |g 40984.00  |i 5664171  |o 320.52 KOL 2019  |p 5664171  |r 2025-01-13  |t 1  |v 40984.00  |w 2025-01-13  |y BK  |k HIS